Fr. Conceicao Rodrigues College of Engineering

Microelectronics Circuits (Record no. 23308)

MARC details
000 -LEADER
fixed length control field 00313nam a2200145Ia 4500
082 ## - DEWEY DECIMAL CLASSIFICATION NUMBER
Classification number 621.3815
Item number SED/SM
100 ## - MAIN ENTRY--PERSONAL NAME
Personal name Sedra/ Smith
250 ## - EDITION STATEMENT
Edition statement 4
245 ## - TITLE STATEMENT
Title Microelectronics Circuits
260 ## - PUBLICATION, DISTRIBUTION, ETC.
Name of publisher, distributor, etc. Oxford university
Date of publication, distribution, etc. 1998
546 ## - LANGUAGE NOTE
Language note ENGLISH
654 ## - SUBJECT ADDED ENTRY--FACETED TOPICAL TERMS
Focus term microelectronics
942 ## - ADDED ENTRY ELEMENTS (KOHA)
Koha item type BOOK
Holdings
Withdrawn status Lost status Damaged status Not for loan Collection Home library Current library Date acquired Total Checkouts Full call number Barcode Date last seen Price effective from Koha item type Inventory number
        CRC Fr. Agnel's C.Rodrigues College of Engineering Fr. Agnel's C.Rodrigues College of Engineering 17/03/2023   621.3815 SED/SM 11300 17/03/2023 17/03/2023 BOOK  
        CRC Fr. Agnel's C.Rodrigues College of Engineering Fr. Agnel's C.Rodrigues College of Engineering 17/03/2023   621.3815 SED/SM 11301 17/03/2023 17/03/2023 BOOK 3427
        CRC Fr. Agnel's C.Rodrigues College of Engineering Fr. Agnel's C.Rodrigues College of Engineering 17/03/2023   621.3815 SED/SM 11302 17/03/2023 17/03/2023 BOOK